Statystyki dla Stolice po francusku

Kliknij tutaj aby rozwiązać quiz!

Ogólne statystyki

  • Ten quiz został rozwiązany 280 razy
  • Średni wynik to 11 z 15

Statystyki odpowiedzi

FrancuskiPolskie% Poprawnych
CopenhagueKopenhaga
99%
RomeRzym
99%
BruxellesBruksela
98%
VarsovieWarszawa
96%
LisbonneLizbona
96%
KievKijów
95%
VilniusWilno
91%
LondresLondyn
85%
La ValetteValletta
76%
KaboulKabul
71%
DaccaDhaka
55%
DouchanbéDuszanbe
34%
Saint-DomingueSanto Domingo
32%
Port-d'EspagnePort-of-Spain
25%
Le CapKapsztad
15%

Rozkład punktacji

Percentyl według liczby udzielonych odpowiedzi

Procent ludzi z każdym wynikiem

Twoja historia wyników

Nie rozwiązałeś tego quizu